000 00372nab a22001097u 4500
008 130520b2010 xxu||||| |||| 00| 0 spa d
041 _aspa
100 1 _aÁlvarez de los Mozos, Patxi
_970697
245 0 0 _aPenetrar en lo real para vivir desde dentro
_cPatxi Álvarez De Los Mozos
773 0 _tSal Terrae
_gV.98, nº1151,2010,págs. 925-936
_x0211-4569
_wRev410
942 _cAR
999 _c414860
_d414860